| 000 | 00627nam a2200241 a 4500 | ||
|---|---|---|---|
| 001 | nice12345678 | ||
| 003 | IN_TiNIC | ||
| 005 | 20260116013121.0 | ||
| 008 | 050524s1999 lona grp 000 0 eng | ||
| 020 |
_a0712661 _c695 |
||
| 082 | 0 | 0 |
_a232.908 _bELL |
| 100 | _aEllegard, Alvar | ||
| 245 |
_aJesus _b One Hundred Years Before Christ: Study in Creative Mythology |
||
| 260 |
_aLondon _bRider _c1999 |
||
| 300 | _a321p | ||
| 500 | _aincludes index and biblioraphy | ||
| 505 | 2 | _aIndex | |
| 650 | _aJesus Christ-Historiocity | ||
| 700 | 1 | _aEllegard, Alvar | |
| 902 | _bSRS | ||
| 942 | _cBK | ||
| 999 |
_c9725 _d9725 |
||